| Tag |
First Indicator |
Second Indicator |
Subfields |
| LEADER |
00000nam a2200000 4500 |
| 001 |
in00004339939 |
| 005 |
20200812100246.0 |
| 006 |
m g d |
| 007 |
cr bn |||a|bb| |
| 008 |
850628s1643 enk o 00| | lat d |
| 035 |
|
|
|a (UnM)99859970
|
| 037 |
|
|
|a CL0051000001
|b ProQuest Information and Learning. 300 N. Zeeb Rd., Ann Arbor, MI 48106
|
| 040 |
|
|
|a Cu-RivES
|c Cu-RivES
|d CStRLIN
|e dcrb
|d WaOLN
|
| 100 |
1 |
|
|a Sousa de Macedo, António de,
|d 1606-1682.
|
| 245 |
1 |
0 |
|a Genealogia regum Lusitaniæ. :
|b Serenissimo Principi Theodosio Principi Lusitaniæ, &c. Serenissimi, ac Potentissimi Regis Ioannis IV, primogenito. D. Per Antonium de Sousa de Macedo, Senatorum in Lusitaniæ supremo justitiæ Senatu, &c.
|
| 260 |
|
|
|a Londini :
|b Ex officina Richardi Hearn,
|c 1643.
|
| 300 |
|
|
|a 1 online resource ([6], 156 pages)
|
| 336 |
|
|
|a text
|b txt
|2 rdacontent
|
| 337 |
|
|
|a computer
|b c
|2 rdamedia
|
| 338 |
|
|
|a online resource
|b cr
|2 rdacarrier
|
| 500 |
|
|
|a Annotation on Thomason copy: "June 9th 1643".
|
| 500 |
|
|
|a Reproduction of the original in the British Library.
|
| 510 |
4 |
|
|a Wing (2nd edition)
|c S4724.
|
| 510 |
4 |
|
|a Thomason
|c E.105[19].
|
| 533 |
|
|
|a Electronic reproduction.
|b Ann Arbor, Mich. :
|c UMI,
|d 1999-
|f (Early English books online)
|n Digital version of: (Thomason Tracts ; 19:E105[19])
|7 s1999 miun s
|
| 651 |
|
4 |
|a Portugal
|x Kings and rulers
|x Genealogy
|v Early works to 1800.
|
| 830 |
|
0 |
|a Early English books online.
|
| 856 |
4 |
0 |
|u http://proxy.library.tamu.edu/login?url=https://search.proquest.com/docview/2240880090
|z Connect to the full text of this electronic book
|t 0
|
| 999 |
f |
f |
|s d170e3f8-8e72-3526-ba38-ca98dfa9573c
|i 4bd4e0d6-2731-3895-85e2-1f81c7061144
|t 0
|
| 952 |
f |
f |
|a Texas A&M University
|b College Station
|c Electronic Resources
|d Available Online
|t 0
|h No information provided
|
| 998 |
f |
f |
|t 0
|l Available Online
|